00773nas a2200229Ia 4500001001100000003000900011008004100020040001300061040001300074041001300087100004200100210002000142222002000162245008400182250001100266260002800277501008600305300001700391362004000408500005900448650003600507R012/42597IT-RoPAU151124c99999999xx |||||||||||| ||und|| aIT-RoPAU cIT-RoPAU aITALIANO aToni SandrogCodice Aut. SPICS: 684 aCINEMA & CINEMA aCinema & Cinema aCINEMA & CINEMA, ANNO 10-N.34 (GENNAIO-MARZO 1983)bPassione Dell'Immagine (La) a1a ed. aVENEZIAbMARSILIOc1983 bPaulus - SPICS - Società San Paolo EM (non-commercial uses only)cCopyright2015 a4 p. [69-72] aANNO 010, N.34 (GENNAIO-MARZO 1983) aRiflessioni Sulle Teoriche Cinematografiche di Godard. aCINEMAvPUBBLICAZIONE PERIODICA